تربية النحل و إنتاج العسل في الأردن / (رقم التسجيلة. 25918)

تفاصيل مارك
000 -LEADER
fixed length control field 00531nam a22001937a 4500
005 - DATE AND TIME OF LATEST TRANSACTION
control field 20251108165345.0
008 - FIXED-LENGTH DATA ELEMENTS--GENERAL INFORMATION
fixed length control field 250721s1993 xx 000 0 ara d
082 14 - DEWEY DECIMAL CLASSIFICATION NUMBER
Classification number 638.109565/شوي
100 1# - MAIN ENTRY--PERSONAL NAME
Personal name أبو شويمه، محمود
245 10 - TITLE STATEMENT
Title تربية النحل و إنتاج العسل في الأردن /
264 1# - PRODUCTION, PUBLICATION, DISTRIBUTION, MANUFACTURE, AND COPYRIGHT NOTICE
Place of production, publication, distribution, manufacture عمان :
Date of production, publication, distribution, manufacture, or copyright notice 1993.
300 ## - PHYSICAL DESCRIPTION
Extent 239ص
650 17 - SUBJECT ADDED ENTRY--TOPICAL TERM
Topical term or geographic name as entry element النحل
650 17 - SUBJECT ADDED ENTRY--TOPICAL TERM
Topical term or geographic name as entry element الأردن
650 17 - SUBJECT ADDED ENTRY--TOPICAL TERM
Topical term or geographic name as entry element العسل
700 1# - ADDED ENTRY--PERSONAL NAME
Personal name التكروري، حامد
942 ## - ADDED ENTRY ELEMENTS (KOHA)
Source of classification or shelving scheme Dewey Decimal Classification
Koha item type كتب
المقتنيات
حالة السحب حالة الفقدان مصدر التصنيف حالة التلف غير قابل للإعارة المكتبة الرئيسية المكتبة الحالية موقع الرف تاريخ التزويد الرقم المتسلسل Total Checkouts رقم الإستدعاء تاريخ آخر ظهور تاريخ الفاتورة نوع المادة (كوها) الباركود
    Dewey Decimal Classification Unchecked   المكتبة المركزية المكتبة المركزية الإعارة 06/07/2004 186369   638.109565/شوي 28/07/2025 06/07/2004 كتب  
    Dewey Decimal Classification     المكتبة المركزية المكتبة المركزية الإعارة 22/02/2012 1480408   638.109565/شوي 28/07/2025 22/02/2012 كتب PLD00241797
    Dewey Decimal Classification     مكتبة الأميرة سلمى مكتبة الأميرة سلمى الإعارة 01/10/2015 1464721.   638.109565/شوي 28/07/2025 01/10/2015 كتب PLD00350598
    Dewey Decimal Classification Unchecked   مكتبة الاميرة بديعة مكتبة الاميرة بديعة الإعارة 06/07/2004 4087   638.109565/شوي 28/07/2025 06/07/2004 كتب  
    Dewey Decimal Classification Unchecked   مكتبة الجويدة مكتبة الجويدة الإعارة 06/07/2004 3711   638.109565/شوي 28/07/2025 06/07/2004 كتب  
    Dewey Decimal Classification     مكتبة النصر العامة مكتبة النصر العامة الإعارة 20/03/2015 [ 6015 ]   638.109565/شوي 28/07/2025 20/03/2015 كتب PLD00378188
    Dewey Decimal Classification Unchecked   مكتبة صويلح العامة مكتبة صويلح العامة الإعارة 06/07/2004 8300   638.109565/شوي 28/07/2025 06/07/2004 كتب  
    Dewey Decimal Classification     مكتبة وادي السير العامة مكتبة وادي السير العامة الإعارة 13/04/2016 [4485].....   638.109565/شوي 28/07/2025 13/04/2016 كتب PLD00386212
Implemented & Customized by: BBB with SCIT (Smart Chains for Information Technology)

Powered by Koha